000 00306nam a2200109 a 4500
005 20201002044914.0
008 140402s1970 000 spa d
100 _aPalacio Valdés, Armando
_971493
245 3 _aLa alegría del capitán ribot.
260 _aMadrid -- Libra,
_c1970 --185 p.
999 _c43150
_d43150
040 _aDO-SdBNP